000 00829nam a2200217Ia 4500
001 15421
003 GE_BSU
008 181216s||||||||xx |||||||||||||| ||und||
040 _cGE_BSU
080 _a821.353.1-1+821.353.1-11
245 _aმონატრება. ჯაჭვის თორანი
245 _bლექსები. არდავიწყების პოემა
245 _cრედ.მ.ჯაფარიძე. მხატვ. სპ.ცინცაძე
260 _aთბილისი
260 _bმერანი
260 _c1972
300 _a134გვ.1ფ.პორტრ.16სმ.
653 _aლექსები.არდავიწყების პოემა
653 _aმონატრება.ჯაჭვის თორანი
942 _cBK
999 _c48524
_d48524